| 000 | 00751nam a2200241Ia 4500 | ||
|---|---|---|---|
| 005 | 20260430150653.0 | ||
| 008 | 008 250103s9999 xx 000 0 eng d | ||
| 037 | _aTheses | ||
| 040 | _aCRL | ||
| 040 | _beng | ||
| 040 | _ceng | ||
| 041 | _2eng | ||
| 041 | _aeng | ||
| 084 | _qCRL | ||
| 100 |
_aRafeeqi Peerzada Rabuf Ahmad Shah Au.; Parihar Seema Mehra Gu.; Butola B S Gu. _91238164 |
||
| 245 | 4 | _aThe Political Economy of the Spatio-Geographical Dimennsions of Hydro Politics : A case Study of Energy Paradigm in Jammu and Kashmir | |
| 260 | _c2024 | ||
| 300 | _a467p. | ||
| 650 | _aGeography | ||
| 700 |
_aUniversity of Delhi. Faculty of Social Sciences. Deptt. of Geography _91237405 |
||
| 942 | _cTH | ||
| 999 |
_c1850350 _d1850350 |
||